| 000 | 00586nam a2200205Ii 4500 | ||
|---|---|---|---|
| 003 | JO-AjNU | ||
| 008 | 230606s9999||||xx |||||||||||||| ||und|| | ||
| 020 | _a978-0-415-80923-8 | ||
| 040 |
_aJO-AjNU _beng _erda _cJO-AjNU |
||
| 041 | _aeng | ||
| 050 | 1 | 4 | _aTA706.S49 2013 |
| 100 | 3 |
_aSivakugan, Nagaratnam ect, _eauthor _94723 |
|
| 245 | 0 | 0 | _aRock Mechanics an introduction |
| 264 | 3 | 1 | _aNew York :CRC press ,2013 |
| 300 | _a242P | ||
| 336 |
_atext _btxt _2rdacontent |
||
| 337 |
_aunmediated _bn _2rdamedia |
||
| 338 |
_avolume _bnc _2rdacarrier |
||
| 650 | 4 |
_aRock Mechanics _94724 |
|
| 999 |
_aE2447 _c2445 _d2445 |
||